00370cam a22001217a 4500008004000000020001800040100001900058245009600077260003200173300001000205650001900215700001400234180718b2002 xxu||||| |||| 00| 0 eng d a81 267 0466 7 aChendershekher aChendershekher sanwad do rachanatmak beichenee maincby Chendershekher; edited by Harivansh aPatnabVani Prakashanc2002 a218p. aChendershekher aHarivansh